00477nam a2200109Ia 4500082001200000100006800012245011700080260006300197300001500260650005000275650004200325 aRD.0230 aDatta, MoushumiuNagindas Khandwala College of CommercevMumbai 0aSustainable development and its socio-economic implicationb: The case of Duars of West Bengal /cMoushumi Datta c2014bIndian Council of Social Science ResearchaNew Delhi axxxi, 290p aSocio-economic implication West BengalzIndia aDuars DevelopmentzIndiazWest Bengal